Study on the influence on employee perception of organizational culture and leadership style and its impact on organizational commitment at the ocean pearl Mangalore / (Record no. 231586)
[ view plain ]
| 000 -LEADER | |
|---|---|
| fixed length control field | 00816nam a22001937a 4500 |
| 003 - CONTROL NUMBER IDENTIFIER | |
| control field | OSt |
| 005 - DATE AND TIME OF LATEST TRANSACTION | |
| control field | 20240826102157.0 |
| 008 - FIXED-LENGTH DATA ELEMENTS--GENERAL INFORMATION | |
| fixed length control field | 240826b ||||| |||| 00| 0 eng d |
| 040 ## - CATALOGING SOURCE | |
| Transcribing agency | AIMIT LIBRARY |
| 100 ## - MAIN ENTRY--PERSONAL NAME | |
| Personal name | Ranson Dsouza, Akshay. |
| Relator term | 2216010 |
| 9 (RLIN) | 177905 |
| 245 ## - TITLE STATEMENT | |
| Title | Study on the influence on employee perception of organizational culture and leadership style and its impact on organizational commitment at the ocean pearl Mangalore / |
| Statement of responsibility, etc. | By Akshay Ranson Dsouza ; Guided by Rajani Suresh. |
| 260 ## - PUBLICATION, DISTRIBUTION, ETC. | |
| Place of publication, distribution, etc. | Mangaluru ; |
| Date of publication, distribution, etc. | 2024. |
| 650 ## - SUBJECT ADDED ENTRY--TOPICAL TERM | |
| Topical term or geographic name entry element | Literature review objectives and conceptual framework |
| 9 (RLIN) | 177906 |
| 650 ## - SUBJECT ADDED ENTRY--TOPICAL TERM | |
| Topical term or geographic name entry element | Data analysis and interpretation |
| 9 (RLIN) | 177907 |
| 650 ## - SUBJECT ADDED ENTRY--TOPICAL TERM | |
| Topical term or geographic name entry element | Research methodology |
| 9 (RLIN) | 177908 |
| 700 ## - ADDED ENTRY--PERSONAL NAME | |
| Personal name | Suresh, Rajani. |
| Relator term | 2216010 |
| 9 (RLIN) | 177909 |
| 856 ## - ELECTRONIC LOCATION AND ACCESS | |
| Materials specified | Ocean Pearl |
| Uniform Resource Identifier | <a href="www.theoceanpearl.in">www.theoceanpearl.in</a> |
| 942 ## - ADDED ENTRY ELEMENTS (KOHA) | |
| Source of classification or shelving scheme | Dewey Decimal Classification |
| Koha item type | Project Report |
| Withdrawn status | Lost status | Source of classification or shelving scheme | Damaged status | Not for loan | Collection code | Home library | Current library | Shelving location | Date acquired | Total Checkouts | Barcode | Date last seen | Copy number | Uniform Resource Identifier | Price effective from | Koha item type |
|---|---|---|---|---|---|---|---|---|---|---|---|---|---|---|---|---|
| Dewey Decimal Classification | Not for loan | Project Report MBA | St Aloysius Institute of Management & Information Technology | St Aloysius Institute of Management & Information Technology | Dissertations | 08/26/2024 | PRB02225 | 08/26/2024 | 2216010 | www.theoceanpearl.in | 08/26/2024 | Project Report |